Nester's microbiology: A human perspective (Record no. 395812)

MARC details
000 -LEADER
fixed length control field 00614 a2200241 4500
005 - DATE & TIME
control field 20260210141953.0
008 - FIXED-LENGTH DATA ELEMENTS--GENERAL INFORMATION
fixed length control field 260210b |||||||| |||| 00| 0 eng d
020 ## - ISBN
International Standard Book Number 9781266867552
Price £ 58.99
040 ## - CATALOGING SOURCE
Original cataloging agency VIVEKANANDA LIBRARY
082 ## - DDC NUMBER
Classification number 576
Book Number A23N
100 ## - MAIN ENTRY--PERSONAL NAME
Personal name Salm, Sarah
245 ## - TITLE STATEMENT
Title Nester's microbiology: A human perspective
260 ## - PUBLICATION, DISTRIBUTION, ETC. (IMPRINT)
Name of publisher, distributor, etc McGraw-Hill
Date of publication, distribution, etc 2024
Place of publication, distribution, etc New York
300 ## - PHYSICAL DESCRIPTION
Pages v
650 ## - Subject
Subject Microbiology
650 ## - Subject
Subject Microorganisms
700 ## - Added Entry Personal Name
Added Entry Personal Name Anderson, Denisa G
700 ## - Added Entry Personal Name
Added Entry Personal Name Beins, Mira
700 ## - Added Entry Personal Name
Added Entry Personal Name Auman, Ann
700 ## - Added Entry Personal Name
Added Entry Personal Name Walker, Jennifer R
700 ## - Added Entry Personal Name
Added Entry Personal Name Nester, Eugene W
942 ## - ADDED ENTRY ELEMENTS (KOHA)
Koha item type Books
Holdings
Withdrawn status Lost status Source of classification or shelving scheme Damaged status Not for loan Location (home branch) Sublocation or collection (holding branch) Shelving location Date acquired Koha issues (times borrowed) Koha full call number Accession No. Koha date last seen Koha item type
    Dewey Decimal Classification     VIVEKANANDA LIBRARY VIVEKANANDA LIBRARY Vivekananda Library 27/01/2026   576 A23N 444249 27/01/2026 Books
© Designed and Maintained by Vivekananda Library, MDU Rohtak